[Event "Pan American-ch"]
[Site "Cartagena"]
[Date "2012.07.06"]
[Round "5"]
[White "Ossa Ramirez, Jesus Antonio"]
[Black "Fonseca, Jose Joaquin"]
[Result "0-1"]
[WhiteElo "1778"]
[BlackElo "1680"]
[PlyCount "27"]
[EventDate "2012.07.04"]
[EventType "swiss"]
[EventRounds "9"]
[EventCountry "COL"]
[SourceTitle "CBM 149 Extra"]
[Source "ChessBase"]
[SourceDate "2012.08.24"]
[SourceVersion "1"]
[SourceVersionDate "2012.08.24"]
[SourceQuality "1"]

1. e4 e5 2. Nf3 Nc6 3. Bc4 Be7 4. 0-0 Nf6 5. d3 0-0 6. Nc3 a6 7. d4 d6 8. h3 exd4 9. Nxd4 Ne5 10. Bb3 b5 11. Re1 c5 12. f4 cxd4 13. fxe5 dxc3 14. exf6 0-1

[Event "Pan American-ch"]
[Site "Cartagena"]
[Date "2012.07.05"]
[Round "4"]
[White "Fonseca, Jose Joaquin"]
[Black "Lizarazo, Doris Liliana"]
[Result "0-1"]
[WhiteElo "1680"]
[BlackElo "1877"]
[PlyCount "76"]
[EventDate "2012.07.04"]
[EventType "swiss"]
[EventRounds "9"]
[EventCountry "COL"]
[SourceTitle "CBM 149 Extra"]
[Source "ChessBase"]
[SourceDate "2012.08.24"]
[SourceVersion "1"]
[SourceVersionDate "2012.08.24"]
[SourceQuality "1"]

1. d4 d5 2. c4 e6 3. Nc3 Nf6 4. Nf3 Be7 5. Bg5 0-0 6. e3 Ne4 7. Bxe7 Qxe7 8. Qc2 Nxc3 9. Qxc3 dxc4 10. Bxc4 c5 11. 0-0 b6 12. dxc5 Qxc5 13. Rac1 Bb7 14. Be2 Qf5 15. Qc7 Ba6 16. Nd4 Qa5 17. Qc3 Qxc3 18. Rxc3 Bxe2 19. Nxe2 Na6 20. Rfc1 e5 21. a3 Nc5 22. b4 Ne6 23. f3 Rfd8 24. Kf1 g6 25. Ke1 Rd7 26. Ng3 Rad8 27. Ne4 Kg7 28. Rc8 f5 29. Rxd8 Rxd8 30. Nd2 Rd3 31. e4 Rxa3 32. Nc4 Rb3 33. exf5 gxf5 34. Kd2 Rxb4 35. Nxe5 Rb5 36. Nd3 Rd5 37. Ke3 f4+ 38. Nxf4 Re5+ 0-1

[Event "Pan American-ch"]
[Site "Cartagena"]
[Date "2012.07.04"]
[Round "1"]
[White "Andor, Jorge"]
[Black "Fonseca, Jose Joaquin"]
[Result "1-0"]
[WhiteElo "1869"]
[BlackElo "1680"]
[PlyCount "119"]
[EventDate "2012.07.04"]
[EventType "swiss"]
[EventRounds "9"]
[EventCountry "COL"]
[SourceTitle "CBM 149 Extra"]
[Source "ChessBase"]
[SourceDate "2012.08.24"]
[SourceVersion "1"]
[SourceVersionDate "2012.08.24"]
[SourceQuality "1"]

1. e4 e5 2. Nf3 d6 3. d4 exd4 4. Nxd4 Be7 5. Bc4 Nf6 6. Nc3 c6 7. Bb3 Nbd7 8. 0-0 0-0 9. Nf5 Nc5 10. Nxe7+ Qxe7 11. f3 Nxb3 12. axb3 h6 13. Be3 a6 14. Qd2 Re8 15. Rfe1 b5 16. Rad1 Rd8 17. Bd4 Bb7 18. Qf4 Nh5 19. Qg4 Qg5 20. Qxg5 hxg5 21. Bb6 Rd7 22. Rd2 Kf8 23. Be3 Nf4 24. Bxf4 gxf4 25. e5 Re8 26. Kf2 d5 27. g3 fxg3+ 28. hxg3 Rde7 29. Rde2 c5 30. f4 Bc6 31. Ra1 Bb7 32. Rd1 d4 33. Ne4 Bxe4 34. Rxe4 f6 35. Rde1 Kf7 36. Kf3 f5 37. R4e2 Re6 38. Rh1 Rd8 39. Rh5 g6 40. Rh7+ Ke8 41. g4 Rd7 42. Rxd7 Kxd7 43. gxf5 gxf5 44. Rh2 c4 45. bxc4 bxc4 46. Rh5 Rb6 47. Rxf5 Rxb2 48. Ke4 Rxc2 49. Kxd4 a5 50. Rf6 c3 51. f5 Rc1 52. Kd3 c2 53. Kd2 Re1 54. e6+ Kd6 55. Kxc2 a4 56. Kb2 Re3 57. Rf7 Kc5 58. Ra7 Rf3 59. e7 Kb4 60. e8Q 1-0